L'air du vent - Pocahontas - PAROLES - Statistiques

Statistiques générales
  • Ce quiz a été pris 430 fois
  • Le résultat moyen est 211 sur 270
Statistiques - réponses
Réponse % Correct
tu
98%
à
96%
je
96%
la
96%
te
96%
de
95%
le
95%
pour
95%
que
95%
toi
95%
et
94%
ma
94%
ta
93%
ce
92%
crois
92%
en
92%
me
92%
ne
92%
sauvage
92%
terre
92%
si
91%
du
90%
les
90%
mais
90%
suis
90%
au
88%
dans
88%
esprit
88%
n'est
88%
poussière
88%
vent
88%
coeur
87%
qu'un
87%
un
87%
entière
86%
tapis
86%
toute
86%
vie
86%
l'air
85%
ont
85%
façon
84%
pense
84%
qui
84%
une
84%
chant
83%
des
83%
sont
83%
t'appartient
83%
d'homme
82%
jour
82%
nom
82%
raison
82%
couleur
81%
fleurs
81%
fond
81%
moi
81%
porte
81%
ressemble
81%
sais
81%
d'avoir
80%
loup
80%
pas
80%
ses
80%
s'il
80%
sur
80%
marchant
79%
montagne
79%
peau
79%
questionnes
79%
entends-tu
78%
nuages
78%
tes
78%
d'amour
77%
différence
77%
l'étranger
77%
l'oiseau
77%
mille
77%
mot
77%
petit
77%
ton
77%
parles
76%
peindre
76%
c'est
75%
couleurs
75%
remplis
75%
sans
75%
yeux
75%
chats
74%
es-tu
74%
malveillance
74%
sauvages
74%
l'ignorante
73%
langage
72%
meurt
71%
emploies
70%
esprits
70%
n'a
70%
peux-tu
68%
d'espoir
67%
pleurs
67%
mes
65%
amis
64%
chanter
64%
d'or
64%
loutre
64%
héron
63%
pierre
63%
fil
62%
rivières
59%
il
58%
comprends-tu
57%
nous
57%
fille
56%
forets
56%
la-haut
56%
lumière
56%
nature
56%
comme
54%
l'aigle
54%
prix
54%
royal
54%
fruits
52%
impérial
52%
mystères
52%
trésors
52%
ronde
51%
torrents
51%
besoin
50%
bonheur
50%
courons
50%
créatures
50%
jours
50%
l'infini
50%
offre
50%
pur
50%
tous
50%
d'air
48%
ici-bas
48%
leur
48%
murs
48%
trone
47%
cercle
46%
ensemble
46%
l'homme
45%
peut
45%
qu'importe
45%
tant
43%
partageons-nous
42%
ignore
41%
comment
38%
soeur
38%
dort
37%
chantons
34%
revant
32%
sycomore
32%
pouvoir
31%
chansons
27%
tournons
23%
choeur
21%
Aucun quiz correspondant
Distribution des résultats
% des personnes avec chaque résultat
Percentile par nombre de réponses
Votre historique - résultats
Vous n’avez pas pris ce quiz